000 00358nam a22001337a 4500
008 160520b xxu||||| |||| 00| 0 eng d
020 _a9780323039635
020 _a9780323039635
020 _a0323039634
041 _aeng
080 _a618.2
245 _aWongs Nursing care of inants and children:
_cMarlilyn J. Hockenberry; David Wilson;
942 _2udc
_cBK
999 _c2288
_d2288